000 00517nam a2200205Ia 4500
003 OSt
005 20230507203540.0
008 210423s2000 xx 000 0 und d
040 _cAL
041 _aeng
082 _a150
_223
_bMANI
100 _aMANGAL (S K)
_999581
245 _aIntroduction to psychology
260 _aNew Delhi
_bS Chand & Company Ltd
_c2000
365 _b75
_cINR
650 _aPhilosophy
_999582
650 _aPsychology
_999583
906 _aIntroduction ; psychology
942 _2ddc
_cBK
999 _c171347
_d171347